000 00221nam a22000857a 4500
008 160909b xxu||||| |||| 00| 0 eng d
100 _9343
_aMishra A
245 _aBasic Science-8
260 _aNew Delhi
_bBharati publication
_c2008
999 _c3003
_d3003